Objets cultes dans l'univers des films Disney - Statistiques

Statistiques générales
  • Ce quiz a été pris 21 fois
  • Le résultat moyen est 3 sur 15
Statistiques - réponses
Par images Réponse % Correct
Pomme empoisonnée
90%
Pantoufle de verre
70%
Lampe du Génie
55%
Coeur de Te Fiti
30%
Trident de Triton
25%
Hameçon de Maui
15%
Souillon
15%
Médaille des héros
5%
Microrobots
5%
Rose Enchantée
5%
Carte de la Planète au Trésor
0%
Epée de vérité
0%
Marteau magique
0%
Reine robot
0%
Tapisserie de Dunbroch
0%
Aucun quiz correspondant
Distribution des résultats
% des personnes avec chaque résultat
Percentile par nombre de réponses
Votre historique - résultats
Vous n’avez pas pris ce quiz